00355nam a2200133 a 4500008004100000050001600041100002300057245006200080250001200142260003200154300001400186350000900200650001200209120416s1973 ||||||||||||||||| || u aHF 5438 Tho aThompson, Joseph W10aSelling: a managerial and behavioural analysis. (2nd ed.) a2nd ed. aNew YorkbMcGraw-Hillc1973 axi, 581p. a0.00 0aSELLING